000 01054nam a22002655i 4500
001 163970
003 ES-MaACL
005 20250903015942.0
008 951226s1785 sp |||| | spa d
040 _aEUS
_bspa
_cEUS
100 1 _aRosell, Antonio Gregorio.
_9132061
245 1 0 _aInstituciones matemáticas /
_cpor Don Antonio Gregorio Rosell ... ; tomo primero, contiene la aritmetica propia y los principios del algebra.
260 _aEn Madrid :
_ben la imprenta Real,
_c1785.
300 _a[6], XLII, [16], 2, 392 [i.e. 400], [2] p. ;
_c4.
530 _aDisponible en formato digital.
597 _aSign.: []3, A-E4, F1, a-d2, []1, A-Z4, 2A-2Z4, 3A-3D4, [p1.
597 _aAntep.
597 _aPort. con esc. tip.
597 _aErrores de pag., p. 345-352 repetidas.
650 7 _aMatemáticas
_2embne
_914814
852 _aES-MaACL
_jR-362
_z-- Enc. pasta española
_x Olim : F-5063
856 _uhttp://bdh-rd.bne.es/viewer.vm?id=0000119102&page=1
_zBiblioteca Digital Hispánica
942 _2udc
999 _c163970
_d163970